书目信息 |
| 题名: |
生物试题归类与分析
|
|
| 作者: | 陈清政 , 齐文跃 编著 | |
| 分册: | ||
| 出版信息: | 北京 中国林业出版社 1987 |
|
| 页数: | 135页 | |
| 开本: | 13cm | |
| 丛书名: | ||
| 单 册: | ||
| 中图分类: | G634.91 , G633.91 | |
| 科图分类: | ||
| 主题词: | 生物学--高等学校--入学考试--试题 , 教育--各级 | |
| 电子资源: | ||
| ISBN: | ||
| 000 | 00930nam0 2200289 45 | |
| 001 | 0187002822 | |
| 005 | 20040506130141.8 | |
| 010 | @dCNY0.95 | |
| 091 | @a16046.1362 | |
| 100 | @a19900808d1987 em y0chiy0121 ea | |
| 101 | 0 | @achi |
| 102 | @aCN@b110000 | |
| 105 | @ay q 000yy | |
| 106 | @ar | |
| 200 | 10 | @a生物试题归类与分析@Asheng wu shi ti gui lei yu fen xi@e1981~1986年全国高等院校统一招生试题@f陈清政, 齐文跃编著 |
| 210 | @a北京@c中国林业出版社@d1987 | |
| 215 | @a135页@d13cm | |
| 517 | 1 | @a1981~1986年全国高等院校统一招生试题@A1981 ~ 1986 nian quan guo gao deng yuan xiao tong yi zhao sheng shi ti |
| 606 | @a生物学@x高等学校@x入学考试@x试题 | |
| 606 | 0 | @a教育@x各级 |
| 690 | @aG634.91@v3 | |
| 690 | @aG633.91 | |
| 701 | 0 | @a陈清政@Achen qing zheng@4编著 |
| 701 | 0 | @a齐文跃@Aqi wen yue@4编著 |
| 801 | 0 | @aCN@b深圳图书馆@c20040506 |
| 801 | 2 | @aCN@bNLC@c20040506 |
| 905 | @f1@b212574@dG633.91@e31 | |
| 生物试题归类与分析:1981~1986年全国高等院校统一招生试题/陈清政, 齐文跃编著.-北京:中国林业出版社,1987 |
| 135页;13cm |
| ISBN :CNY0.95 |
| ● |
| 相关链接 |
|
|
|
|
正题名:生物试题归类与分析
索取号:G633.91/31
 
预约/预借
| 序号 | 登录号 | 条形码 | 馆藏地/架位号 | 状态 | 备注 |
| 1 | 0212574 | 000256957 | 密集书库/ [索取号:G633.91/31] | 在馆 | |
| 2 | 0212576 | 000256948 | 第一样本阅览室/ [索取号:G633.91/31] | 在馆 |